000 00217nam a22000857a 4500
008 161129b xxu||||| |||| 00| 0 eng d
100 _91515
_aAggarwal.R.S.etal.
245 _aMathematics
260 _aNew Delhi
_bS. Chand
_c2009
999 _c4244
_d4244